| 000 | 00360pam a2200157a 44500 | ||
|---|---|---|---|
| 008 | 230515b1980 xxu||||| |||| 00| 0 eng d | ||
| 020 | _aNULL | ||
| 041 | _aENGL | ||
| 082 | _a671.73202 /DUR | ||
| 100 | _aDURNEY L.J. | ||
| 245 | _aELECTROPLATING ENGINEERING HANDBOOK | ||
| 250 | _a4 | ||
| 260 |
_aNULL _bC.B.S _c1980 |
||
| 300 | _a1790 PB | ||
| 650 | _aNULL | ||
| 999 |
_c620088 _d620088 |
||